00927nam a2200217 i 450000100060000000300090000600500170001500700030003200800410003510000410007624502080011726000440032530000220036949000350039170000220042670000500044883000430049885200310054199900170057295201200058972665ES-MaACL20250902063057.0t|040902s1945 ag ||||1| spa d1 aGodwin, William, d1756-1836924217210aInvestigación acerca de la justicia política y su influencia en la virtud y la dicha generales / cWilliam Godwin ; traducción castellana por J. Prince ; introducción por Diego A. de Santillán. aBuenos Aires : bAméricalee, c[1945] a417 p. ; c24 cm.1 aUniversal de estudios sociales1 aPrince, J.9939781 aAbad de Santillán, Diego,d1897-19839179230 aUniversal de estudios sociales9226345 aES-MaACLjC-8881 bR.22808 c72665d72665 00104070aATENEOMbATENEOMcSPALd2008-01-17eSCl0oC-8881p1076069r2023-02-23 00:00:00w2023-02-23yMONOGRAFIA